[Event "4NCL/Div2/OXF1 vs. GUI3"]
[Site "Coventry ENG"]
[Date "2007.01.14"]
[Round "6.8"]
[White "Morris, Claire H"]
[Black "Messam-Sparkes, Lateefah"]
[Result "1-0"]
[WhiteElo "1880"]
[BlackElo "1855"]
[PlyCount "49"]
[EventDate "2007.01.14"]
[EventType "team"]
[EventRounds "11"]
[EventCountry "ENG"]
[WhiteTeam "Guildford-ADC 3"]
[BlackTeam "Oxford 1"]

1. e4 c5 2. Nf3 d6 3. d4 cxd4 4. Nxd4 Nf6 5. Nc3 g6 6. Be3 Bg7 7. f3 O-O 8. Qd2
Re8 9. O-O-O Nc6 10. g4 a6 11. h4 Ne5 12. h5 b5 13. hxg6 hxg6 14. Bh6 Bh8 15.
Be2 Nc4 16. Bxc4 bxc4 17. Bf8 Rxf8 18. Rxh8+ Kxh8 19. Qh6+ Kg8 20. Rh1 Nh5 21.
gxh5 g5 22. Nd5 f6 23. Nc6 Qd7 24. Ncxe7+ Kf7 25. Qg6+ 1-0

[Event "4NCL/Div2/WES1 vs. HKF2"]
[Site "Coventry ENG"]
[Date "2007.01.14"]
[Round "6.1"]
[White "Upton, Ian J"]
[Black "Cooper, Lawrence"]
[Result "1/2-1/2"]
[WhiteElo "2270"]
[BlackElo "2307"]
[PlyCount "26"]
[EventDate "2007.01.14"]
[EventType "team"]
[EventRounds "11"]
[EventCountry "ENG"]
[WhiteTeam "Wessex 1"]
[BlackTeam "H Kingfisher 2"]

1. d4 Nf6 2. Nf3 d5 3. c4 c6 4. e3 g6 5. Nc3 Bg7 6. Bd3 O-O 7. O-O Bg4 8. h3
Bxf3 9. Qxf3 e6 10. Rd1 Nbd7 11. b3 Qe7 12. Bb2 Rfe8 13. Bf1 Rad8 1/2-1/2

[Event "4NCL/Div2/WES1 vs. HKF2"]
[Site "Coventry ENG"]
[Date "2007.01.14"]
[Round "6.2"]
[White "Fowler, Simon"]
[Black "Webb, Richard M"]
[Result "0-1"]
[WhiteElo "2218"]
[BlackElo "2272"]
[PlyCount "124"]
[EventDate "2007.01.14"]
[EventType "team"]
[EventRounds "11"]
[EventCountry "ENG"]
[WhiteTeam "H Kingfisher 2"]
[BlackTeam "Wessex 1"]

1. d4 Nf6 2. Bg5 e6 3. e4 h6 4. Bxf6 Qxf6 5. Nc3 Bb4 6. Qd3 d5 7. e5 Qe7 8. a3
Ba5 9. f4 Bb6 10. Na4 Bd7 11. Nxb6 axb6 12. Qg3 O-O 13. Nf3 c5 14. Bd3 b5 15.
O-O c4 16. Be2 b4 17. axb4 Rxa1 18. Rxa1 Qxb4 19. Ra2 Nc6 20. Qf2 Qb6 21. Bf1
Rc8 22. c3 Qd8 23. g4 Ra8 24. Rxa8 Qxa8 25. Qh4 Qa1 26. g5 Qb1 27. gxh6 Qg6+
28. Qg5 Qxh6 29. Qxh6 gxh6 30. h4 Ne7 31. Kf2 Ba4 32. Bh3 Bc2 33. Ne1 Bf5 34.
Bxf5 Nxf5 35. Ng2 Kf8 36. Kf3 h5 37. Kf2 Ke7 38. Ke2 Kd7 39. Kd2 Kc6 40. Kc2
Kb5 41. b3 cxb3+ 42. Kxb3 b6 43. Kb2 Kc4 44. Kc2 b5 45. Ne1 b4 46. cxb4 Nxh4
47. b5 Kxb5 48. Kd3 Nf5 49. Nf3 h4 50. Kc3 h3 51. Nh2 Ka4 52. Nf3 Ka3 53. Nh2
Ka2 54. Nf3 Kb1 55. Nh2 Kc1 56. Ng4 Ng3 57. Kd3 Nf5 58. Kc3 Ne3 59. Nh2 Ng2 60.
Kd3 Kd1 61. Nf3 Ne1+ 62. Ke3 Nxf3 0-1

[Event "4NCL/Div2/WES1 vs. HKF2"]
[Site "Coventry ENG"]
[Date "2007.01.14"]
[Round "6.3"]
[White "Corkett, Anthony R"]
[Black "McFarland, Robert S"]
[Result "1/2-1/2"]
[WhiteElo "2340"]
[BlackElo "2238"]
[PlyCount "89"]
[EventDate "2007.01.14"]
[EventType "team"]
[EventRounds "11"]
[EventCountry "ENG"]
[WhiteTeam "Wessex 1"]
[BlackTeam "H Kingfisher 2"]

1. e4 g6 2. d4 Bg7 3. Nc3 d6 4. Be3 a6 5. Nf3 Nd7 6. Bd3 b5 7. a4 b4 8. Na2 c5
9. c3 bxc3 10. bxc3 Ngf6 11. O-O O-O 12. Rb1 Qc7 13. h3 e5 14. dxe5 Nxe5 15.
Nxe5 dxe5 16. c4 Bd7 17. Nc3 Rfb8 18. Bg5 h6 19. Bxf6 Bxf6 20. Nd5 Qd6 21. a5
Bd8 22. Qd2 Kg7 23. Qc3 Rxb1 24. Bxb1 Rb8 25. Bc2 f6 26. Rd1 Rb7 27. Qa3 Qc6
28. Qa1 Rb8 29. Rd3 Be6 30. h4 h5 31. Rg3 Bf7 32. Qa3 Qd6 33. Rd3 Qf8 34. Qc3
Qe8 35. Rg3 Qe6 36. Qe3 Qc6 37. Qa3 Qd6 38. Rd3 Qf8 39. f4 exf4 40. Nxf4 Bc7
41. Nxg6 Kxg6 42. e5 Kg7 43. exf6+ Kg8 44. Qc1 Rd8 45. Rf3 1/2-1/2

[Event "4NCL/Div2/WES1 vs. HKF2"]
[Site "Coventry ENG"]
[Date "2007.01.14"]
[Round "6.4"]
[White "Burrows, Martin P"]
[Black "Simons, Martin J"]
[Result "0-1"]
[WhiteElo "2230"]
[BlackElo "2223"]
[PlyCount "110"]
[EventDate "2007.01.14"]
[EventType "team"]
[EventRounds "11"]
[EventCountry "ENG"]
[WhiteTeam "H Kingfisher 2"]
[BlackTeam "Wessex 1"]

1. e4 Nc6 2. Nf3 d5 3. exd5 Qxd5 4. Nc3 Qa5 5. d4 Bg4 6. Bb5 a6 7. Bxc6+ bxc6
8. Qd3 Qf5 9. Ne4 Nf6 10. Nxf6+ gxf6 11. Qxf5 Bxf5 12. c3 e6 13. Bf4 Bd6 14.
Bg3 h5 15. O-O O-O-O 16. Nh4 Be4 17. Rfe1 f5 18. Bxd6 cxd6 19. f3 Bd5 20. b3 c5
21. c4 Bc6 22. d5 exd5 23. cxd5 Bxd5 24. Nxf5 Be6 25. Ne3 Kc7 26. Rac1 Kb6 27.
Nc4+ Kb5 28. Kf2 Rhe8 29. Nd2 d5 30. Re5 h4 31. f4 f6 32. Re2 Bg4 33. Rxe8 Rxe8
34. Nf3 Bxf3 35. Kxf3 c4 36. bxc4+ dxc4 37. g4 hxg3 38. hxg3 Kb4 39. g4 c3 40.
g5 fxg5 41. fxg5 Kc4 42. g6 Rg8 43. Ke2 Rxg6 44. Rh1 Rd6 45. Rh8 Rd2+ 46. Ke1
Kd3 47. Rd8+ Kc2 48. Rb8 Rd6 49. a4 Re6+ 50. Kf2 Kd1 51. a5 c2 52. Rd8+ Kc1 53.
Rb8 Re4 54. Rb6 Kd2 55. Rd6+ Kc3 0-1

[Event "4NCL/Div2/WES1 vs. HKF2"]
[Site "Coventry ENG"]
[Date "2007.01.14"]
[Round "6.5"]
[White "Ferrington, Nigel M"]
[Black "Hagesaether, Arne"]
[Result "0-1"]
[WhiteElo "2116"]
[BlackElo "2160"]
[PlyCount "72"]
[EventDate "2007.01.14"]
[EventType "team"]
[EventRounds "11"]
[EventCountry "ENG"]
[WhiteTeam "Wessex 1"]
[BlackTeam "H Kingfisher 2"]

1. e4 c6 2. Nf3 d5 3. Nc3 dxe4 4. Nxe4 Bf5 5. Ng3 Bg6 6. h4 f6 7. Bc4 Nh6 8. d4
Nf5 9. Nxf5 Qa5+ 10. c3 Qxf5 11. Qb3 b6 12. Be6 Qc2 13. Qxc2 Bxc2 14. Bf4 Nd7
15. O-O Be4 16. Nd2 Bd5 17. Rfe1 Rc8 18. Nc4 Bxe6 19. Rxe6 Kf7 20. Re2 b5 21.
Nd2 g6 22. a4 b4 23. cxb4 e5 24. dxe5 fxe5 25. Bxe5 Nxe5 26. Rxe5 Bxb4 27. Nf3
Kf6 28. Re4 c5 29. Rd1 Rhd8 30. Rxd8 Rxd8 31. Kh2 Rd1 32. Kg3 Rb1 33. Re2 c4
34. Rc2 Bd6+ 35. Ne5 Kxe5 36. Kf3 Kd4 0-1

[Event "4NCL/Div2/WES1 vs. HKF2"]
[Site "Coventry ENG"]
[Date "2007.01.14"]
[Round "6.6"]
[White "Wilson, Alexandra"]
[Black "Yeo, Michael J"]
[Result "0-1"]
[WhiteElo "2056"]
[BlackElo "2144"]
[PlyCount "44"]
[EventDate "2007.01.14"]
[EventType "team"]
[EventRounds "11"]
[EventCountry "ENG"]
[WhiteTeam "H Kingfisher 2"]
[BlackTeam "Wessex 1"]

1. e4 e5 2. Nf3 Nc6 3. Bb5 a6 4. Ba4 d6 5. O-O Bg4 6. h3 h5 7. d3 Qf6 8. Bxc6+
bxc6 9. Nbd2 Ne7 10. Qe1 Ng6 11. Nh2 Nf4 12. Qe3 Bxh3 13. g3 Ne6 14. Rd1 Nd4
15. Rb1 Nxc2 16. Qf3 Qe6 17. Nb3 Bg4 18. Nxg4 hxg4 19. Qg2 a5 20. Bd2 a4 21.
Na5 Nd4 22. Kf1 Nf3 0-1

[Event "4NCL/Div2/WES1 vs. HKF2"]
[Site "Coventry ENG"]
[Date "2007.01.14"]
[Round "6.7"]
[White "Tunks, Dominic"]
[Black "Crombleholme, Alan K"]
[Result "1/2-1/2"]
[WhiteElo "2115"]
[BlackElo "2119"]
[PlyCount "31"]
[EventDate "2007.01.14"]
[EventType "team"]
[EventRounds "11"]
[EventCountry "ENG"]
[WhiteTeam "Wessex 1"]
[BlackTeam "H Kingfisher 2"]

1. e4 e6 2. Nf3 c5 3. Nc3 d6 4. Bb5+ Bd7 5. Bxd7+ Nxd7 6. d4 cxd4 7. Qxd4 Qb6
8. Qxb6 Nxb6 9. Bf4 a6 10. O-O-O O-O-O 11. Rd3 Kc7 12. Rhd1 Be7 13. h3 h6 14.
Bh2 h5 15. Nd4 Nh6 16. Kb1 1/2-1/2

[Event "4NCL/Div2/WES1 vs. HKF2"]
[Site "Coventry ENG"]
[Date "2007.01.14"]
[Round "6.8"]
[White "Parmar, Amisha"]
[Black "Norman, Dinah"]
[Result "1-0"]
[WhiteElo "1979"]
[BlackElo "2003"]
[PlyCount "43"]
[EventDate "2007.01.14"]
[EventType "team"]
[EventRounds "11"]
[EventCountry "ENG"]
[WhiteTeam "H Kingfisher 2"]
[BlackTeam "Wessex 1"]

1. e4 c6 2. Nf3 d5 3. exd5 cxd5 4. Ne5 Nf6 5. d4 e6 6. c3 Be7 7. Bd3 Nc6 8. f4
Qc7 9. O-O g6 10. Qe2 Bd7 11. Nd2 O-O 12. Ndf3 Rac8 13. Bd2 Bd6 14. Rae1 Ne7
15. Qf2 Nf5 16. g4 Ng7 17. Qh4 Ne4 18. Bxe4 dxe4 19. Ng5 h5 20. Nxe4 Bxe5 21.
fxe5 Bc6 22. Nf6+ 1-0

[Event "4NCL/Div2/PPA1 vs. CAMB1"]
[Site "Coventry ENG"]
[Date "2007.01.14"]
[Round "6.1"]
[White "Swanson, Stephen"]
[Black "Mah, Karl C C"]
[Result "1/2-1/2"]
[WhiteElo "2249"]
[BlackElo "2422"]
[PlyCount "96"]
[EventDate "2007.01.14"]
[EventType "team"]
[EventRounds "11"]
[EventCountry "ENG"]
[WhiteTeam "Poisnd Pawns 1"]
[BlackTeam "Cambridge U 1"]

1. e4 c5 2. Nf3 e6 3. d3 Nc6 4. g3 g6 5. Bg2 Bg7 6. O-O Nge7 7. Re1 d6 8. c3
O-O 9. Be3 b6 10. d4 Bb7 11. Na3 cxd4 12. cxd4 Rc8 13. Qd2 Re8 14. h4 Qd7 15.
Rad1 Na5 16. Bh6 Bh8 17. Bg5 f6 18. Bf4 d5 19. e5 f5 20. b3 Ba6 21. Bg5 Nec6
22. h5 Bg7 23. Nh4 Qf7 24. hxg6 hxg6 25. Nc2 Nb8 26. Ne3 Nd7 27. Bf3 Nf8 28.
Neg2 Nh7 29. Be3 Red8 30. Rc1 Rxc1 31. Rxc1 Bb5 32. Bg5 Rb8 33. Be3 Be8 34. Be2
Qd7 35. Nf3 Rc8 36. Ba6 Rxc1+ 37. Qxc1 Nc6 38. Bb5 Qc8 39. Nf4 Kf7 40. Nh3 a6
41. Be2 Bd7 42. Bh6 Nb8 43. Qd2 Qf8 44. Bxg7 Kxg7 45. Nhg5 Nxg5 46. Qxg5 Kh7
47. Kg2 b5 48. Qc1 Qe7 1/2-1/2

[Event "4NCL/Div2/PPA1 vs. CAMB1"]
[Site "Coventry ENG"]
[Date "2007.01.14"]
[Round "6.2"]
[White "Alfred, Nathan S W"]
[Black "Moore, Gerald"]
[Result "1/2-1/2"]
[WhiteElo "2318"]
[BlackElo "2237"]
[PlyCount "52"]
[EventDate "2007.01.14"]
[EventType "team"]
[EventRounds "11"]
[EventCountry "ENG"]
[WhiteTeam "Cambridge U 1"]
[BlackTeam "Poisnd Pawns 1"]

1. d4 Nf6 2. Nf3 g6 3. c4 Bg7 4. Nc3 d5 5. Bg5 Ne4 6. cxd5 Nxg5 7. Nxg5 c6 8.
Qb3 O-O 9. Nf3 cxd5 10. e3 e6 11. Be2 Nc6 12. O-O b6 13. Rfc1 Bb7 14. Qa4 Qd7
15. b4 Rfc8 16. a3 Bf8 17. Qb3 Qd8 18. Na4 Bd6 19. Nb2 a5 20. b5 Nb8 21. Rxc8
Qxc8 22. Nd3 Nd7 23. Rc1 Qf8 24. a4 Rc8 25. Rc3 Rxc3 26. Qxc3 Qc8 1/2-1/2

[Event "4NCL/Div2/PPA1 vs. CAMB1"]
[Site "Coventry ENG"]
[Date "2007.01.14"]
[Round "6.3"]
[White "Posazhennikov, Alex"]
[Black "Conlon, Joe"]
[Result "1-0"]
[WhiteElo "2232"]
[BlackElo "2207"]
[PlyCount "123"]
[EventDate "2007.01.14"]
[EventType "team"]
[EventRounds "11"]
[EventCountry "ENG"]
[WhiteTeam "Poisnd Pawns 1"]
[BlackTeam "Cambridge U 1"]

1. e4 d5 2. exd5 Nf6 3. Bb5+ Bd7 4. Bc4 b5 5. Bb3 a5 6. a4 bxa4 7. Bxa4 Bxa4 8.
Rxa4 Qxd5 9. Qf3 e5 10. Nc3 Qxf3 11. Nxf3 Nc6 12. O-O O-O-O 13. Rc4 Rd6 14. Re1
Nd7 15. Ne4 Rg6 16. Nh4 Rh6 17. d3 Rxh4 18. Rxc6 Rg4 19. h3 Rg6 20. Rxg6 hxg6
21. Bd2 f5 22. Ng5 Bb4 23. c3 Bc5 24. Nf7 Re8 25. d4 Re7 26. Nxe5 Nxe5 27. dxe5
Kd7 28. c4 Bd4 29. Bxa5 Rxe5 30. Rxe5 Bxe5 31. b3 g5 32. f3 g6 33. Kf2 Kc6 34.
Ke3 Bf6 35. Kd3 Bd8 36. Bd2 Kc5 37. b4+ Kc6 38. Bc1 Kd6 39. Bb2 Be7 40. Bg7 Kc6
41. Kc3 Kb6 42. Be5 Kc6 43. Bd4 Bd8 44. b5+ Kd6 45. Kb4 g4 46. hxg4 fxg4 47.
fxg4 Bh4 48. Kc3 Bg3 49. Kd3 c6 50. Ke4 cxb5 51. cxb5 Bh4 52. b6 Bg5 53. Be3
Bf6 54. Bc5+ Kc6 55. Bd4 Bg5 56. Ke5 Bd2 57. Kf6 g5 58. Kf5 Bc1 59. Bf6 Kxb6
60. Bxg5 Ba3 61. Bf6 Kc6 62. Ke6 1-0

[Event "4NCL/Div2/PPA1 vs. CAMB1"]
[Site "Coventry ENG"]
[Date "2007.01.14"]
[Round "6.4"]
[White "Moskovic, David M"]
[Black "Dignam, Matthew"]
[Result "1-0"]
[WhiteElo "2273"]
[BlackElo "2132"]
[PlyCount "41"]
[EventDate "2007.01.14"]
[EventType "team"]
[EventRounds "11"]
[EventCountry "ENG"]
[WhiteTeam "Cambridge U 1"]
[BlackTeam "Poisnd Pawns 1"]

1. e4 e6 2. d3 c5 3. g3 Nc6 4. Bg2 d5 5. Nd2 dxe4 6. dxe4 e5 7. Ngf3 Be6 8. O-O
Be7 9. c3 h5 10. Qa4 Qd7 11. Nc4 Rb8 12. Rd1 b5 13. Qc2 Qxd1+ 14. Qxd1 Bxc4 15.
a4 b4 16. Bf1 Rd8 17. Bd2 Bd3 18. Bxd3 Rxd3 19. Qe2 Rd6 20. cxb4 cxb4 21. Rc1
1-0

[Event "4NCL/Div2/PPA1 vs. CAMB1"]
[Site "Coventry ENG"]
[Date "2007.01.14"]
[Round "6.5"]
[White "Dunn, Andrew"]
[Black "Garner, David"]
[Result "1/2-1/2"]
[WhiteElo "2190"]
[BlackElo "2188"]
[PlyCount "73"]
[EventDate "2007.01.14"]
[EventType "team"]
[EventRounds "11"]
[EventCountry "ENG"]
[WhiteTeam "Poisnd Pawns 1"]
[BlackTeam "Cambridge U 1"]

1. c4 Nf6 2. Nc3 e5 3. Nf3 Nc6 4. e3 Bb4 5. Qc2 O-O 6. Nd5 Re8 7. Qf5 d6 8.
Nxf6+ Qxf6 9. Qxf6 gxf6 10. a3 Bc5 11. b4 Bb6 12. Bb2 f5 13. Be2 a5 14. b5 Ne7
15. d4 e4 16. Nd2 c6 17. a4 Bd8 18. Ba3 d5 19. g3 Be6 20. c5 cxb5 21. Bxb5 Nc6
22. Bxc6 bxc6 23. Rb1 Bc7 24. Rb7 Re7 25. O-O Bc8 26. Rb3 Ba6 27. Rc1 Ree8 28.
Bb2 Rab8 29. Bc3 Bd3 30. Ra1 Bc2 31. Rxb8 Rxb8 32. Kf1 Kg7 33. Ke1 Kg6 34. Ra2
Bd3 35. Ra3 Bc2 36. Ra2 Bd3 37. Ra3 1/2-1/2

[Event "4NCL/Div2/PPA1 vs. CAMB1"]
[Site "Coventry ENG"]
[Date "2007.01.14"]
[Round "6.6"]
[White "Hodge, David J"]
[Black "Byway, Paul"]
[Result "1/2-1/2"]
[WhiteElo "2183"]
[BlackElo "2175"]
[PlyCount "88"]
[EventDate "2007.01.14"]
[EventType "team"]
[EventRounds "11"]
[EventCountry "ENG"]
[WhiteTeam "Cambridge U 1"]
[BlackTeam "Poisnd Pawns 1"]

1. e4 c5 2. c3 e6 3. d4 d5 4. exd5 exd5 5. Nf3 Nc6 6. Bb5 Bd6 7. O-O Nge7 8.
dxc5 Bxc5 9. Nbd2 O-O 10. Nb3 Bb6 11. Re1 Bg4 12. Be3 Bxe3 13. Rxe3 Nf5 14. Re1
Qd6 15. h3 Bxf3 16. Qxf3 g6 17. Rad1 Rfd8 18. Rd2 Rac8 19. Red1 Nfe7 20. Bf1
Ne5 21. Qe3 b6 22. Re1 N5c6 23. Bb5 Nf5 24. Qf3 Ne5 25. Qe2 Nc4 26. Bxc4 Rxc4
27. Red1 Re4 28. Qf3 Rde8 29. g3 Re1+ 30. Kg2 Rxd1 31. Rxd1 Rd8 32. Nd4 Ne7 33.
h4 h5 34. Qd3 Rc8 35. Re1 Qd7 36. Re5 Rd8 37. Qe3 Nc6 38. Nxc6 Qxc6 39. Qd4 Qc4
40. b3 Qxd4 41. cxd4 Kf8 42. Kf1 Rd6 43. Ke2 f6 44. Re3 Rc6 1/2-1/2

[Event "4NCL/Div2/PPA1 vs. CAMB1"]
[Site "Coventry ENG"]
[Date "2007.01.14"]
[Round "6.7"]
[White "Rosen, Daniel B"]
[Black "Eckersley-Waites, Adam"]
[Result "1-0"]
[WhiteElo "2121"]
[BlackElo "2167"]
[PlyCount "69"]
[EventDate "2007.01.14"]
[EventType "team"]
[EventRounds "11"]
[EventCountry "ENG"]
[WhiteTeam "Poisnd Pawns 1"]
[BlackTeam "Cambridge U 1"]

1. e4 c5 2. Nc3 Nc6 3. f4 g6 4. Nf3 Bg7 5. Bc4 e6 6. O-O Nge7 7. d3 O-O 8. Bb3
d5 9. Qe1 Na5 10. Bd2 Nxb3 11. axb3 Bd7 12. Ne5 Be8 13. Qf2 Qc7 14. Rae1 Rd8
15. Qh4 g5 16. Qg3 f6 17. Nf3 d4 18. Ne2 gxf4 19. Nxf4 Qc8 20. e5 Nf5 21. Qh3
Bd7 22. Nh5 Rf7 23. exf6 Bxf6 24. Nxf6+ Rxf6 25. Bg5 Rg6 26. Bxd8 Qxd8 27. Ne5
Rg7 28. Rf4 Qa5 29. Ref1 Qc7 30. Ng4 Bc6 31. Nf6+ Kf7 32. Ne4 Qe7 33. Rxf5+
exf5 34. Qxf5+ Kg8 35. Qc8+ 1-0

[Event "4NCL/Div2/PPA1 vs. CAMB1"]
[Site "Coventry ENG"]
[Date "2007.01.14"]
[Round "6.8"]
[White "Broomfield, Lucy"]
[Black "Sirisena, Chantal N"]
[Result "1/2-1/2"]
[WhiteElo "1982"]
[BlackElo "1928"]
[PlyCount "85"]
[EventDate "2007.01.14"]
[EventType "team"]
[EventRounds "11"]
[EventCountry "ENG"]
[WhiteTeam "Cambridge U 1"]
[BlackTeam "Poisnd Pawns 1"]

1. e4 d6 2. Nf3 g6 3. g3 Bg7 4. Bg2 Nf6 5. d3 O-O 6. O-O c5 7. Nbd2 Nc6 8. a4
e5 9. c3 Re8 10. Re1 h6 11. Nc4 Be6 12. Qe2 a6 13. Bd2 b5 14. axb5 axb5 15.
Rxa8 Qxa8 16. Nxd6 Rb8 17. Be3 Nd7 18. c4 bxc4 19. Nxc4 Bxc4 20. dxc4 Qa2 21.
Bc1 Nb6 22. Bf1 Na4 23. Qd2 Rd8 24. Qc2 Nb4 25. Qe2 Qb3 26. Nd2 Qc2 27. Nf3 Qb3
28. Nd2 Qc2 29. Qd1 Nxb2 30. Qxc2 Nxc2 31. Re2 Nd3 32. Nb3 Nd4 33. Nxd4 Nxc1
34. Re1 exd4 35. Rxc1 d3 36. Rd1 d2 37. Kg2 Bc3 38. Kf3 Kg7 39. Ke2 Kf6 40. Ke3
Ke5 41. f4+ Ke6 42. Bd3 Ra8 43. h3 1/2-1/2

[Event "4NCL/Div2/SLOS2 vs. RIC"]
[Site "Coventry ENG"]
[Date "2007.01.14"]
[Round "6.1"]
[White "Kahar, Krunal"]
[Black "Bates, Richard A"]
[Result "1/2-1/2"]
[WhiteElo "2201"]
[BlackElo "2376"]
[PlyCount "64"]
[EventDate "2007.01.14"]
[EventType "team"]
[EventRounds "11"]
[EventCountry "ENG"]
[WhiteTeam "Slough Sharks 2"]
[BlackTeam "Richmond"]

1. Nf3 Nf6 2. b3 g6 3. Bb2 Bg7 4. e3 O-O 5. Be2 d6 6. d4 Nbd7 7. O-O e6 8. c4
b6 9. Nbd2 Bb7 10. Qc2 c5 11. Rfd1 Qc7 12. Rac1 Rfe8 13. Bd3 cxd4 14. exd4 Nh5
15. Be4 d5 16. cxd5 Qxc2 17. Rxc2 Ndf6 18. Ne5 Bxd5 19. Bf3 Bxf3 20. Ndxf3 Nd5
21. a3 Nhf6 22. g3 Ne4 23. Kf1 Bh6 24. Ng4 Bf8 25. Ne3 Nef6 26. Nxd5 Nxd5 27.
Ne5 h5 28. Ke2 Bh6 29. Bc1 Bg7 30. Bb2 Red8 31. f4 Bf6 32. h4 Rdc8 1/2-1/2

[Event "4NCL/Div2/SLOS2 vs. RIC"]
[Site "Coventry ENG"]
[Date "2007.01.14"]
[Round "6.2"]
[White "Wall, Gavin"]
[Black "Ignacz, Maria"]
[Result "1/2-1/2"]
[WhiteElo "2326"]
[BlackElo "2219"]
[PlyCount "41"]
[EventDate "2007.01.14"]
[EventType "team"]
[EventRounds "11"]
[EventCountry "ENG"]
[WhiteTeam "Richmond"]
[BlackTeam "Slough Sharks 2"]

1. e4 c5 2. Nf3 d6 3. Bb5+ Bd7 4. a4 Nf6 5. d3 Nc6 6. O-O g6 7. Nbd2 Bg7 8. Nc4
O-O 9. Re1 Rc8 10. c3 d5 11. exd5 Nxd5 12. a5 Bg4 13. h3 Bf5 14. a6 b6 15. Nfe5
Nb8 16. g4 Be6 17. Qf3 Nc7 18. Nc6 Nxc6 19. Bxc6 Bd5 20. Bxd5 Nxd5 21. Ne3
1/2-1/2

[Event "4NCL/Div2/SLOS2 vs. RIC"]
[Site "Coventry ENG"]
[Date "2007.01.14"]
[Round "6.3"]
[White "Kafka, Graeme"]
[Black "Bisby, Daniel L"]
[Result "1/2-1/2"]
[WhiteElo "2124"]
[BlackElo "2279"]
[PlyCount "35"]
[EventDate "2007.01.14"]
[EventType "team"]
[EventRounds "11"]
[EventCountry "ENG"]
[WhiteTeam "Slough Sharks 2"]
[BlackTeam "Richmond"]

1. e4 c5 2. Nc3 Nc6 3. Bb5 Nd4 4. Bc4 e6 5. Nf3 Nf6 6. O-O a6 7. a4 d6 8. d3
Be7 9. Nxd4 cxd4 10. Ne2 e5 11. f4 O-O 12. Qe1 Be6 13. Bxe6 fxe6 14. fxe5 dxe5
15. Qg3 Bd6 16. Bg5 Kh8 17. Qh4 Be7 18. Rf3 1/2-1/2

[Event "4NCL/Div2/SLOS2 vs. RIC"]
[Site "Coventry ENG"]
[Date "2007.01.14"]
[Round "6.4"]
[White "Osborne, Marcus E"]
[Black "Grassie, Duncan"]
[Result "1/2-1/2"]
[WhiteElo "2257"]
[BlackElo "2106"]
[PlyCount "96"]
[EventDate "2007.01.14"]
[EventType "team"]
[EventRounds "11"]
[EventCountry "ENG"]
[WhiteTeam "Richmond"]
[BlackTeam "Slough Sharks 2"]

1. d4 Nf6 2. c4 g6 3. Nf3 Bg7 4. Nc3 d5 5. cxd5 Nxd5 6. Na4 O-O 7. e4 Nb6 8.
Be2 Nc6 9. Nxb6 axb6 10. d5 Ne5 11. Nd4 Re8 12. f4 Nd7 13. Bf3 Nc5 14. e5 e6
15. b4 Na6 16. dxe6 Bxe6 17. Nxe6 Qxd1+ 18. Bxd1 Rxe6 19. Rb1 Bf8 20. a3 c5 21.
b5 Nc7 22. Bb3 Ree8 23. O-O Ne6 24. f5 Nd4 25. fxg6 Rxe5 26. gxh7+ Kxh7 27.
Rxf7+ Bg7 28. Bb2 Rae8 29. Bxd4 cxd4 30. Bc2+ Kg8 31. Rxb7 Re2 32. Bb3+ Kh8 33.
Bc4 d3 34. Rd7 R2e4 35. Bxd3 Bd4+ 36. Rxd4 Rxd4 37. Bf1 Re3 38. Rc1 Rxa3 39.
Rc8+ Kg7 40. Rc7+ Kf6 41. Rc6+ Ke5 42. Rxb6 Rf4 43. Ra6 Rb3 44. Ra2 Rb1 45. Rf2
Rfb4 46. Re2+ Kf5 47. Rd2 Rxb5 48. Kf2 R5b2 1/2-1/2

[Event "4NCL/Div2/SLOS2 vs. RIC"]
[Site "Coventry ENG"]
[Date "2007.01.14"]
[Round "6.5"]
[White "Varnam, Liam D"]
[Black "Meyer, Gordon"]
[Result "0-1"]
[WhiteElo "2051"]
[BlackElo "2178"]
[PlyCount "106"]
[EventDate "2007.01.14"]
[EventType "team"]
[EventRounds "11"]
[EventCountry "ENG"]
[WhiteTeam "Slough Sharks 2"]
[BlackTeam "Richmond"]

1. e4 c5 2. Nf3 d6 3. d4 cxd4 4. Nxd4 Nf6 5. Nc3 a6 6. Be2 e5 7. Nb3 Be7 8. Bg5
Nbd7 9. O-O b5 10. a3 Bb7 11. Bf3 Rc8 12. Be3 O-O 13. g3 Nb6 14. Na5 Ba8 15.
Qd3 d5 16. Bxb6 Qxb6 17. Nb3 d4 18. Nb1 Qc6 19. c3 Qc4 20. Qxc4 bxc4 21. N3d2
Rfd8 22. Rd1 Rc7 23. Bg2 a5 24. f4 dxc3 25. Nxc3 Ng4 26. Nf3 Bc5+ 27. Kf1 Ne3+
28. Ke2 Nxd1 29. Rxd1 Rxd1 30. Kxd1 exf4 31. gxf4 Be3 32. f5 f6 33. Kc2 g6 34.
fxg6 hxg6 35. Nd2 Bxd2 36. Kxd2 Rb7 37. Kc2 Re7 38. Kd2 f5 39. Bf1 Bxe4 40.
Bxc4+ Kg7 41. b4 axb4 42. axb4 Kf6 43. b5 Ke5 44. Nxe4 Kxe4 45. Bf1 Kd4 46. Bg2
Kc5 47. Bc6 Rh7 48. Ke3 Rxh2 49. Kf4 Rh4+ 50. Kg3 Rb4 51. Be8 g5 52. Bd7 Rb3+
53. Kf2 f4 0-1

[Event "4NCL/Div2/SLOS2 vs. RIC"]
[Site "Coventry ENG"]
[Date "2007.01.14"]
[Round "6.6"]
[White "Nixon, Thomas C M"]
[Black "Armstrong, Malcolm"]
[Result "1/2-1/2"]
[WhiteElo "2189"]
[BlackElo "2104"]
[PlyCount "69"]
[EventDate "2007.01.14"]
[EventType "team"]
[EventRounds "11"]
[EventCountry "ENG"]
[WhiteTeam "Richmond"]
[BlackTeam "Slough Sharks 2"]

1. d4 Nf6 2. c4 e6 3. Nf3 d5 4. Nc3 Be7 5. g3 O-O 6. Bg2 dxc4 7. Qa4 a6 8. Qxc4
b5 9. Qb3 Bb7 10. O-O c5 11. Rd1 c4 12. Qc2 Qb6 13. e4 Nc6 14. Qe2 b4 15. Nb1
Na5 16. Ne5 Rac8 17. Nd2 Qc7 18. b3 c3 19. Ndc4 Nxc4 20. Nxc4 a5 21. Bf4 Qd8
22. Qc2 Ba6 23. Bf1 Bxc4 24. bxc4 Qb6 25. e5 Nh5 26. Be3 g6 27. Rab1 Rb8 28. a3
Ng7 29. f4 Nf5 30. Bf2 Rfd8 31. c5 Qc7 32. g4 Nxd4 33. Rxd4 Bxc5 34. Rc4 Bxf2+
35. Qxf2 1/2-1/2

[Event "4NCL/Div2/SLOS2 vs. RIC"]
[Site "Coventry ENG"]
[Date "2007.01.14"]
[Round "6.7"]
[White "Lutton, J Ezra"]
[Black "Franklin, Michael J"]
[Result "0-1"]
[WhiteElo "2119"]
[BlackElo "2203"]
[PlyCount "68"]
[EventDate "2007.01.14"]
[EventType "team"]
[EventRounds "11"]
[EventCountry "ENG"]
[WhiteTeam "Slough Sharks 2"]
[BlackTeam "Richmond"]

1. Nc3 d5 2. e4 dxe4 3. Nxe4 Nf6 4. Qf3 Nxe4 5. Qxe4 Nd7 6. Bc4 Nf6 7. Qh4 Bf5
8. d3 e6 9. Nf3 Be7 10. Bd2 Ne4 11. Qf4 Nxd2 12. Qxd2 c6 13. d4 Bf6 14. c3 Qc7
15. Qe3 Qb6 16. Bb3 a5 17. Ne5 a4 18. Nc4 Qc7 19. Bd1 h6 20. f4 g5 21. fxg5
hxg5 22. g4 Bg6 23. Ne5 Bxe5 24. dxe5 Ra5 25. O-O Qxe5 26. Qf2 Rh4 27. Bf3 Qc5
28. Rad1 a3 29. b4 Qxf2+ 30. Rxf2 Re5 31. c4 Re3 32. b5 Be4 33. Be2 Rxe2 34.
Rxe2 Bf3 0-1